| 000 | 00420cam a2200169ua 4500 | ||
|---|---|---|---|
| 020 | _c4.00 | ||
| 041 |
_amal _h |
||
| 082 |
_a894.812308 _bKIS/MA |
||
| 100 | _aKishan , Chander . | ||
| 245 |
_aMayatha ormakal / _cKishan Chander. _hTextual Documents |
||
| 260 |
_aCheruthuruthy : _bVallathol Granthalayam , _c1965. |
||
| 300 | _a264 ; . | ||
| 365 | _a4.00 | ||
| 504 | _a | ||
| 942 | _cBK | ||
| 999 |
_c11721 _d11721 |
||